=LDR 00000nam 2200000 4500 =001 INLIS000000000033044 =005 20130612135024 =008 ***********************************ind** =035 ##$$0010-061300000033044 =041 ##$$a ind =082 ##$$a 363.34 =090 ##$$a 363.34, Pur m =100 ##$$a Purnomo, Hadi =245 ##$$a Manajemen bencana, Respons dan tindakan terhadap bencana, Hadi purnomo, Ronny Sugiantoro =260 ##$$a 2010 $b Yogyakarta =300 ##$$a 120 hlm, Ilus, 22 cm =650 ##$$a Bencana =700 ##$$a Sugiatoro, Ronny =850 ##$$a NBPNMAT =990 ##$$a 21400613/BPAP-NTB/20142014 =990 ##$$a 0001/BPAP-NTB/2016